000 00529nam a22001697a 4500
005 20250912153920.0
008 250912b |||||||| |||| 00| 0 eng d
040 _aMAIN
082 _a615.1
_bD536D
100 _aDhawan, Surbhi
245 _aDesign and development of some nanocarrier system(s) of silymarin for dermatological benefit(s)
260 _bDepartment of Pharmaceutical Sciences, M D University, Rohtak
_c2024
300 _axxvi, 244
650 _aPharmaceutical Science
700 _aNanda, Sanju
942 _cBK
999 _c393510
_d393510